|
|
|
|
| LEADER |
00594 a2200169 4500 |
| 020 |
|
|
|a 9789382215813
|
| 082 |
|
|
|a 361.3
|b Q37
|
| 100 |
|
|
|a Seema Chandra.
|9 19214
|
| 245 |
|
|
|a Social problems and social works/
|c Seema Chandra.
|
| 260 |
|
|
|a New Delhi:
|b ALP Books,
|c 2013.
|
| 300 |
|
|
|a 272 p.
|
| 504 |
|
|
|a Includes index.
|
| 650 |
|
|
|a Social probelms.
|9 33190
|
| 650 |
|
|
|a Social work.
|9 33258
|
| 942 |
|
|
|c BK
|
| 999 |
|
|
|c 74460
|d 74460
|
| 952 |
|
|
|0 0
|1 0
|4 0
|6 361_300000000000000_Q37
|7 0
|9 66420
|a MGUL
|b MGUL
|c GEN
|d 2015-03-11
|e Arunima Books Bill No ABD-120 dated 20.01.2015
|g 900.00
|l 0
|o 361.3 Q37
|p 53135
|r 2015-09-01
|y BK
|